000 00568nam a2200205Ia 4500
003 GCL
008 140319s9999 xx 000 0 eng d
040 _aGCL /
_cGCL
082 0 4 _a933
_bC W
100 1 _aCLEMENTS, R.E (EDIT.)
245 1 0 _aThe World of Ancient Israel /
_cCLEMENTS, R.E (EDIT.)
260 _a[S.N] :
_bCAMLRIDGE UNIVERSITY PRESS ،
_c1991
300 _a436 p
650 0 4 _aTHEOLOGY
650 0 4 _aBIBLE .O.T - INTERPRETATION
650 0 4 _aOLD TESTAMENT
650 0 4 _aJEWISH - CIVILIZATION
650 0 4 _aSOCIOLOGY - BIBLICAL
942 _2ddc
_cBK
999 _c17613
_d17613